Sme pripravení na zmenu?

Stručný historický pohľad na vývoj výroby. Vznik nových nástrojov prispôsobujúcich systém riadenia a optimalizácie požiadavkám zákazníka. Nové metódy riadenia a optimalizácie výroby. Quick Response Manufacturing (QRM).

Guardado en:
Detalles Bibliográficos
Autor principal: Kozok, Martin
Formato: Capítulo de libro
Lenguaje:eslovaco
Materias:
Etiquetas: Agregar Etiqueta
Sin Etiquetas, Sea el primero en etiquetar este registro!

MARC

LEADER 00000naa a2200000 4500
001 0248670
005 20231208115254.8
041 0 |a slo 
044 |a SK 
245 1 0 |a Sme pripravení na zmenu?  |c Martin Kozok 
520 |a Stručný historický pohľad na vývoj výroby. Vznik nových nástrojov prispôsobujúcich systém riadenia a optimalizácie požiadavkám zákazníka. Nové metódy riadenia a optimalizácie výroby. Quick Response Manufacturing (QRM). 
610 2 0 |a riadenie výroby 
610 2 0 |a procesy podnikové 
610 2 0 |a optimalizácia 
610 2 0 |a riadenie projektové 
100 1 |a Kozok, Martin